00266nam a2200109Ia 4500008004100000100001700041245004000058260002000098260000900118546001200127999001700139170619s9999 xx 000 0 und d aChary- S. N. 0aProduction and operation management bNew Delhi T M H c2004 aENGLISH c21986d21986